In out and about catfish pond / (Record no. 3509)

MARC details
000 -LEADER
fixed length control field 00727nam a22002297a 4500
001 - CONTROL NUMBER
control field 3509
003 - CONTROL NUMBER IDENTIFIER
control field FISKH
005 - DATE AND TIME OF LATEST TRANSACTION
control field 20250306145447.0
008 - FIXED-LENGTH DATA ELEMENTS--GENERAL INFORMATION
fixed length control field 240314b cb ||||| |||| 00| 0 eng d
040 ## - CATALOGING SOURCE
Original cataloging agency FISK
Language of cataloging eng
Transcribing agency FISK
Modifying agency FISK
050 ## - LIBRARY OF CONGRESS CALL NUMBER
Classification number PZ7.G75153
100 ## - MAIN ENTRY--PERSONAL NAME
Personal name Graeber Charlotte
Dates associated with a name 1976-
245 ## - TITLE STATEMENT
Title In out and about catfish pond /
Statement of responsibility, etc. Charlotte Graeber
260 ## - PUBLICATION, DISTRIBUTION, ETC.
Place of publication, distribution, etc. Melrose :
Name of publisher, distributor, etc. Charlotte Graeber,
Date of publication, distribution, etc. 1984
300 ## - PHYSICAL DESCRIPTION
Extent 60 pages :
Other physical details illustrations,
Dimensions 20 cm
505 ## - FORMATTED CONTENTS NOTE
Formatted contents note K
520 ## - SUMMARY, ETC.
Summary, etc. Four short tales in which Beaver, Otter, Muskrat, and other pond animals learn how to live together in harmony.
521 8# - TARGET AUDIENCE NOTE
Target audience note estimates,
Source Lexiles
700 ## - ADDED ENTRY--PERSONAL NAME
Personal name Charlotte Graeber
942 ## - ADDED ENTRY ELEMENTS (KOHA)
Source of classification or shelving scheme Dewey Decimal Classification
Koha item type Books
Suppress in OPAC No
Holdings
Withdrawn status Lost status Source of classification or shelving scheme Damaged status Not for loan Collection Home library Current library Shelving location Date acquired Total Checkouts Full call number Barcode Date last seen Date last checked out Copy number Price effective from Koha item type
    Dewey Decimal Classification     Fiction Footprints International School Library Network Toul Kork Campus Footprints International School Library Network Toul Kork Campus   03/14/2024 1 GRA PZ7.G75153 2024-0333 04/10/2025 09/18/2024 1 03/14/2024 Books